000 00475nam a22001817a 4500
005 20260302144318.0
008 260302b |||||||| |||| 00| 0 eng d
020 _a978---0-367-50503-5
100 _aMARSCHNER, STEVE
245 _aFUNDAMENTALS OF COMPUTER GRAPHICS
250 _a5TH ED
260 _aABINGTON, OXON
_bCRC PRESS
_c2022
300 _aXV, 700P.
500 _aINCLUDES INDEX
650 _aCOMPUTER GRAPHICS
700 _aSHIRLEY, PETER
942 _2lcc
_cBK
999 _c216733
_d216733